<?xml version="1.0" encoding="UTF-8"?>
<record
    xmlns:xsi="http://www.w3.org/2001/XMLSchema-instance"
    xsi:schemaLocation="http://www.loc.gov/MARC21/slim http://www.loc.gov/standards/marcxml/schema/MARC21slim.xsd"
    xmlns="http://www.loc.gov/MARC21/slim">

  <leader>02680nam a2200373 a 4500</leader>
  <controlfield tag="001">Z_960</controlfield>
  <controlfield tag="003">CHAP</controlfield>
  <controlfield tag="005">20240826140921.0</controlfield>
  <controlfield tag="007">ta</controlfield>
  <controlfield tag="008">220113s1990    mx a   fr     001 0 spa d</controlfield>
  <datafield tag="010" ind1=" " ind2=" ">
    <subfield code="a">164036</subfield>
  </datafield>
  <datafield tag="040" ind1=" " ind2=" ">
    <subfield code="c">CHAP</subfield>
  </datafield>
  <datafield tag="082" ind1="0" ind2="0">
    <subfield code="a">636.5085 </subfield>
    <subfield code="b">C83 1990</subfield>
    <subfield code="q">20</subfield>
  </datafield>
  <datafield tag="100" ind1="1" ind2=" ">
    <subfield code="a">Cuca Garc&#xED;a, Manuel</subfield>
    <subfield code="9">29989</subfield>
    <subfield code="e">autor</subfield>
  </datafield>
  <datafield tag="245" ind1="1" ind2="0">
    <subfield code="a">Alimentaci&#xF3;n de las aves  /</subfield>
    <subfield code="c">Manuel Cuca Garc&#xED;a, Ernesto &#xC1;vila Gonz&#xE1;lez y Arturo Pro Mart&#xED;nez</subfield>
  </datafield>
  <datafield tag="264" ind1=" " ind2="1">
    <subfield code="a"> Montecillo, Texcoco, Estado de Mexico :</subfield>
    <subfield code="b">Colegio de Postgraduados,</subfield>
    <subfield code="c">1990</subfield>
  </datafield>
  <datafield tag="300" ind1=" " ind2=" ">
    <subfield code="a">120 p&#xE1;ginas :</subfield>
    <subfield code="b">ilustraciones, tablas</subfield>
  </datafield>
  <datafield tag="336" ind1=" " ind2=" ">
    <subfield code="2">rdacontent</subfield>
    <subfield code="a">texto</subfield>
    <subfield code="b">txt</subfield>
  </datafield>
  <datafield tag="337" ind1=" " ind2=" ">
    <subfield code="2">rdamedia</subfield>
    <subfield code="a">sin medio</subfield>
    <subfield code="b">n</subfield>
  </datafield>
  <datafield tag="338" ind1=" " ind2=" ">
    <subfield code="2">rdacarrier</subfield>
    <subfield code="a">volumen</subfield>
    <subfield code="b">nc</subfield>
  </datafield>
  <datafield tag="500" ind1=" " ind2=" ">
    <subfield code="a">ej.1 - ej.2: S/N</subfield>
  </datafield>
  <datafield tag="504" ind1=" " ind2=" ">
    <subfield code="a">Bibliograf&#xED;a: p&#xE1;ginas 116 -119</subfield>
  </datafield>
  <datafield tag="505" ind1="0" ind2="0">
    <subfield code="g">rologo -- Objetivos de la nutrici&#xF3;n aviar -- Figura 1 -- Partes del tracto digestivo -- &#xD3;rganos accesorios -- Digesti&#xF3;n y asimilaci&#xF3;n -- Metabolismo y excreci&#xF3;n -- &#xBF;Qu&#xE9; nutrientes se deben Prote&#xED;nas -- Vitaminas -- Minerales -- Agua -- Carbohidratos y Grasas -- Aditivos -- Formaci&#xF3;n del huevo -- Interacci&#xF3;n entre nutrici&#xF3;n y tensi&#xF3;n-enfermedad -- Fuentes de energ&#xED;a, prote&#xED;nas y minerales para la alimentaci&#xF3;n de las aves -- El problema de las aflatoxinas en la alimentaci&#xF3;n de las aves --Formulaci&#xF3;n de dietas -- Bibliograf&#xED;a. </subfield>
  </datafield>
  <datafield tag="520" ind1=" " ind2=" ">
    <subfield code="a">La industria av&#xED;cola no s&#xF3;lo es importante desde el punto de vista econ&#xF3;mico, sino que tambi&#xE9;n lo es desde el punto de vista social, ya que la prote&#xED;na animal que aporta la carne y huevo, principalmente este &#xFA;ltimo producto, es de las m&#xE1;s baratas. para conseguir esto la avicultura se ha tecnificado, lo que le ha permitido mantener precios accesibles para el consumidor. Uno de los factores m&#xE1;s importantes par lograrlo es sin suda la nutrici&#xF3;n aviar, ya que representa 60%  al 70% de los costos de producci&#xF3;n. En la presente publicaci&#xF3;n se dan normas que pueden emplear los nutri&#xF3;logos y los avicultores. Tambi&#xE9;n se considera que puede ser de utilidad para los estudiantes de los cursos de avicultura y nutrici&#xF3;n, ya que les permite saber las necesidades nutritivas de las aves y conocer las propiedades de los ingredientes que se est&#xE1;n usando para elaborar los alimentos balanceados; as&#xED; como los problemas que aquejan la avicultura. </subfield>
  </datafield>
  <datafield tag="650" ind1="1" ind2="3">
    <subfield code="a">Aves de corral</subfield>
    <subfield code="x">Alimentaci&#xF3;n </subfield>
    <subfield code="9">8638</subfield>
  </datafield>
  <datafield tag="650" ind1="1" ind2="3">
    <subfield code="a">Aves de corral</subfield>
    <subfield code="x">Nutrici&#xF3;n</subfield>
    <subfield code="9">138094</subfield>
  </datafield>
  <datafield tag="650" ind1="1" ind2="3">
    <subfield code="a">Requerimientos nutritivos</subfield>
    <subfield code="9">141553</subfield>
  </datafield>
  <datafield tag="700" ind1="1" ind2=" ">
    <subfield code="a">&#xC1;vila Gonz&#xE1;lez, Ernesto</subfield>
    <subfield code="9">82462</subfield>
    <subfield code="e">autor</subfield>
  </datafield>
  <datafield tag="700" ind1="0" ind2=" ">
    <subfield code="a">Pro Mart&#xED;nez, Arturo</subfield>
    <subfield code="9">91680</subfield>
    <subfield code="e">autor</subfield>
  </datafield>
  <datafield tag="901" ind1=" " ind2=" ">
    <subfield code="a">636.5085 C83 1990</subfield>
  </datafield>
  <datafield tag="902" ind1=" " ind2=" ">
    <subfield code="a">A</subfield>
  </datafield>
  <datafield tag="910" ind1=" " ind2=" ">
    <subfield code="a">1990</subfield>
  </datafield>
  <datafield tag="942" ind1=" " ind2=" ">
    <subfield code="c">LIBRO</subfield>
    <subfield code="2">ddc</subfield>
  </datafield>
  <datafield tag="999" ind1=" " ind2=" ">
    <subfield code="c">164036</subfield>
    <subfield code="d">164036</subfield>
  </datafield>
  <datafield tag="952" ind1=" " ind2=" ">
    <subfield code="0">0</subfield>
    <subfield code="1">0</subfield>
    <subfield code="2">ddc</subfield>
    <subfield code="4">0</subfield>
    <subfield code="5">1</subfield>
    <subfield code="7">0</subfield>
    <subfield code="8">GRAL</subfield>
    <subfield code="a">Z</subfield>
    <subfield code="b">Z</subfield>
    <subfield code="d">2005-11-09</subfield>
    <subfield code="i">S/N</subfield>
    <subfield code="l">0</subfield>
    <subfield code="o">636.5085 C83 1990</subfield>
    <subfield code="p">5102007452</subfield>
    <subfield code="r">2022-01-18 00:00:00</subfield>
    <subfield code="t">Ej.1</subfield>
    <subfield code="w">2022-01-18</subfield>
    <subfield code="y">LIBRO</subfield>
  </datafield>
  <datafield tag="952" ind1=" " ind2=" ">
    <subfield code="0">0</subfield>
    <subfield code="1">0</subfield>
    <subfield code="2">ddc</subfield>
    <subfield code="4">0</subfield>
    <subfield code="5">1</subfield>
    <subfield code="7">0</subfield>
    <subfield code="8">GRAL</subfield>
    <subfield code="a">Z</subfield>
    <subfield code="b">Z</subfield>
    <subfield code="d">2024-08-23</subfield>
    <subfield code="i">S/N</subfield>
    <subfield code="l">0</subfield>
    <subfield code="o">636.5085 C83 1990</subfield>
    <subfield code="p">5102007453</subfield>
    <subfield code="r">2024-08-23 15:38:50</subfield>
    <subfield code="t">Ej.2</subfield>
    <subfield code="w">2024-08-23</subfield>
    <subfield code="y">LIBRO</subfield>
  </datafield>
</record>
